00517nam a22001577a 4500020000800000040001600008082001700024100002700041245008300068250001200151260003400163300003200197942001200229999001900241952009900260 qPB. cFIZZA ISHAQ a342.420bKEN a Kenyon, J. P.9134198 aThe Stuart constitution, 1603-1688; documents and commentary /cJ. P. Kenyon. a1st ed. aNew York :bCambridge,c1966. a523 P. ;c9 x 6 x 01 inches 2ddccBK c617170d617170 00102ddc4070aNQCbNQCcGENd2026-04-17l0o342.420 KENpQD-492r2026-04-17w2026-04-17yBK